000 00546nam a2200181Ia 4500
999 _c3292
_d3292
003 OSt
005 20200819120053.0
008 190216s9999||||xx |||||||||||||| ||und||
040 _coclc
082 _a543.08
_bCHA/I
100 _aChatwal, Gurdeep R
_94120
245 0 _aInstrumental Methods Of Chemical Analysis /
_cGurdeep R Chatwal ; Sham Anand
250 _a5th Ed.
260 _bHimalaya Publishing House,
_c2005.
_aMumbai:
300 _a804p
650 _aChemistry
942 _cBK
_2ddc
_h543.08
_iCHA/I
_k543.08
_mCHA/I